Normal view
MARC view
Entry Personal Name
001 - CONTROL NUMBER
- control field: 75714
003 - CONTROL NUMBER IDENTIFIER
- control field: OSt
005 - DATE AND TIME OF LATEST TRANSACTION
- control field: 20190702151938.0
008 - FIXED-LENGTH DATA ELEMENTS
- fixed length control field: 190702|| aca||aabn | a|a d
040 ## - CATALOGING SOURCE
- Original cataloging agency: OSt
- Transcribing agency: OSt
100 ## - HEADING--PERSONAL NAME
- Personal name: Swani Satyanand
670 ## - SOURCE DATA FOUND
- Source citation: Work cat.: (OSt): Swani Satyanand , Answers to 101 Question =s on Hinduism, 2018









